003730000a220010900045001000017000002450052000173000046000697730033001159420008001489520090001569990017002461 aRunia, Klaas10aThe challenge of the modern world to the church aVol. 2, Núm 2 (1993), Páginas 145-1610 tEuropean Journal of Theology cANA 001040708HEMaFUSBCbFUSBCd2016-01-26l0o r2016-01-26 00:00:00w2016-01-26yANA c54090d54090